000 00894nam a2200325 4500
001 00340087
003 DO-SdBNP
005 20180206130657.0
007 00340087
008 921223s1984 sp |||| ||spa d
016 7 _a
_z
_2BPMSU
017 _a
_b
020 _a8423317589
035 _a
040 _aBPMSU
_bspa
_cBPMSU
041 1 _aspa
_h
080 4 _a
100 1 _aAiken, Joan
240 1 2 _aA whisper in the night.
_lEspañol
245 1 3 _aUn susurro en la noche /
_cJoan Aiken ; traducción, Encarna Castejón
_h
260 _aBarcelona :
_b Destino,
_c1984
300 _a145 p.:
_c20 cm.
490 _aObservador
_v70
500 _a"Edición especial para El Observador" ­
700 1 _aCastejón, Encarna
_d1959-
_4tr.
830 _pObservador
942 _2ddc
_cBK
945 _ainventariado, 2018 / dg
956 _aVMATEO
_210
_320151217
_6BPMSU
_800151
999 _c9129
_d9129